000 00474nam a2200169Ia 4500
999 _c28170
_d28170
003 OSt
005 20211029104245.0
008 190216s9999||||xx |||||||||||||| ||und||
040 _coclc
082 _a920
_bTHO/A
100 _aThomas, C J
_96777
245 0 _aAthmakathamshangal /
_cC J Thomas
260 _bCalicut University Publications,
_aCalicut:
_c2002.
300 _a124p
650 _aAthmakadha
942 _cBK
_2ddc
_h920
_iTHO/A
_k920
_mTHO/A